000 01547pam a2200373 a 4500
999 _c219545
_d219545
001 13670701
003 Nust
005 20170213185912.0
008 040729s2005 nyu 000 1 eng
010 _a 2004057577
020 _a9780752865164
035 _a(OCoLC)ocm56111658
040 _aDLC
_cDLC
_dYDX
_dDLC
043 _an-us-ma
050 0 0 _aPS3557.A7132
_bA79 2005
082 0 0 _a813.54
_bGAR
100 1 _aGardner, Lisa.
245 1 0 _aAlone /
_cLisa Gardner.
260 _aNew York :
_bBantam Books,
_c2005.
300 _a362 p. ;
_c25 cm.
650 0 _aPolice
_zMassachusetts
_zBoston
_vFiction.
650 0 _aJudges
_xFamily relationships
_vFiction.
650 0 _aPolice shootings
_vFiction.
650 0 _aFamily violence
_vFiction.
650 0 _aRich people
_vFiction.
651 0 _aBoston (Mass.)
_vFiction.
655 7 _aMystery fiction.
_2gsafd
856 4 2 _3Contributor biographical information
_uhttp://www.loc.gov/catdir/bios/random051/2004057577.html
856 4 1 _3Sample text
_uhttp://www.loc.gov/catdir/samples/random051/2004057577.html
856 4 2 _3Publisher description
_uhttp://www.loc.gov/catdir/description/random051/2004057577.html
906 _a7
_bcbc
_corignew
_d1
_eocip
_f20
_gy-gencatlg
942 _2ddc
_cBK